00349nam a2200133Ia 450000500170000000800410001702000180005808200210007610000240009724500310012126000270015230000110017965000250019020250401133558.0231217s9999 xx 000 0 und d a9788131414422 a381.41 GHO;1 R aGhose, Amitabha ed. 0aGreen marketing strategies c2008bIcfaiaHyderabad ax, 207 amarketing,strategies